|
|
|
|
| LEADER |
00733cam a2200193 7i4500 |
| 001 |
0000011313 |
| 005 |
20140605090000.0 |
| 020 |
0 |
0 |
|a 9839925717 (hbk. : v. 1)
|
| 020 |
0 |
0 |
|a 9839925725 (pbk. : v. 1)
|
| 090 |
0 |
0 |
|a DS 597.38
|b 58
|
| 100 |
1 |
0 |
|a Ong, Kee Hui,
|c Tan Sri Datuk,
|d 1914-
|
| 245 |
1 |
0 |
|a Footprints in Sarawak :
|b memoirs of Tan Sri Datuk (Dr) Ong Kee Hui.
|
| 260 |
0 |
0 |
|a Kuching, Sarawak:
|b Research & Resource Centre,
|c 1998-.
|
| 300 |
# |
# |
|a v. <1 >:
|b ill., map;
|c 23 m..
|
| 590 |
# |
# |
|a Pusat Pendidikan Asas dan Liberal
|
| 650 |
0 |
0 |
|a Chinese --
|x Biography --
|z Malaysia --
|z Sarawak
|
| 651 |
0 |
0 |
|a Sarawak --
|x History
|
| 651 |
0 |
0 |
|a Sarawak United People's Party --
|x History
|
| 999 |
|
|
|a 1000401990
|b Book
|c Open Shelf
|e KOLEKSI TERBUKA
|